Company Accounting

Gespeichert in:
Bibliographische Detailangaben
1. Verfasser: Leo, Ken
Weitere Verfasser: Knapp, Jeffrey, McGowan, Susan, Sweeting, John
Format: Buch
Sprache:Englisch
Veröffentlicht: Milton Wiley 2015
Ausgabe:10th Edition
Schlagworte:
Tags: Tag hinzufügen
Keine Tags, Fügen Sie das erste Tag hinzu!

MARC

LEADER 00000nam a2200000 4500
001 0248966
005 20240314085652.3
020 |a 978-1-118-60817-3 
041 0 |a eng 
044 |a AU 
245 1 0 |a Company Accounting  |c Ken Leo, Jeffrey Knapp, Susan McGowan, John Sweeting 
250 |a 10th Edition 
264 1 |a Milton  |b Wiley  |c 2015 
300 |a 1374 s. 
610 2 0 |a organizácie 
610 2 0 |a firmy 
610 2 0 |a účtovníctvo 
610 2 0 |a operácie obchodné 
610 2 0 |a financovanie 
610 2 0 |a správa podniku 
610 2 0 |a operácie účtovné 
610 2 0 |a hospodárstvo podniku finančné 
610 2 0 |a stratégia podniková 
610 2 0 |a riadenie finančné 
100 1 |a Leo, Ken 
700 1 |a Knapp, Jeffrey 
700 1 |a McGowan, Susan 
700 1 |a Sweeting, John